[Event "32nd ECC Open 2016"]
[Site "Novi Sad SRB"]
[Date "2016.11.06"]
[Round "1.20"]
[Board "2"]
[White "Brown, Martin"]
[Black "Cvitan, Ognjen"]
[Result "1/2-1/2"]
[WhiteTitle "FM"]
[BlackTitle "GM"]
[WhiteElo "2302"]
[BlackElo "2502"]
[WhiteTeam "White Rose"]
[BlackTeam "Schachgesellschaft Riehen"]
[WhiteFideId "401480"]
[BlackFideId "14500086"]
[EventDate "2016.11.06"]

1. e4 c5 2. Nf3 d6 3. d4 cxd4 4. Nxd4 Nf6 5. Nc3 g6 6. Be3 Bg7 7. f3 Nc6 8. Qd2
O-O 9. g4 Be6 10. Nxe6 fxe6 11. O-O-O Ne5 12. Be2 Qc8 13. h4 Nfd7 14. f4 Nc4 15.
Bxc4 Qxc4 16. e5 Rad8 17. exd6 Nf6 18. Qd4 Qxd4 19. Bxd4 exd6 20. Rhg1 Ne8 21.
Bxg7 Nxg7 22. Rd4 e5 23. fxe5 dxe5 24. Re4 Rf2 25. Rge1 Rd4 26. Rxd4 exd4 27.
Nd5 h5 28. Re4 hxg4 29. Rxg4 Kf7 30. Rxd4 Nf5 31. Rb4 b6 32. Ra4 Ke6 33. Nf4+
Kf6 34. Nd3 Rh2 35. Rxa7 Ne3 36. Rc7 Rxh4 37. Kd2 Nd5 38. Rc6+ Kf5 39. c4 Rh2+
40. Ke1 Ne3 41. Rxb6 Nc2+ 42. Kd1 Ne3+ 43. Ke1 Nc2+ 1/2-1/2

[Event "32nd ECC Open 2016"]
[Site "Novi Sad SRB"]
[Date "2016.11.06"]
[Round "1.20"]
[Board "3"]
[White "Georgiadis, Ioannis"]
[Black "Townsend, M Paul"]
[Result "1-0"]
[WhiteTitle "IM"]
[WhiteElo "2479"]
[BlackElo "2231"]
[WhiteTeam "Schachgesellschaft Riehen"]
[BlackTeam "White Rose"]
[WhiteFideId "4208900"]
[BlackFideId "402320"]
[EventDate "2016.11.06"]

1. e4 e6 2. d4 d5 3. Nd2 dxe4 4. Nxe4 Nd7 5. Nf3 Ngf6 6. Bd3 c5 7. O-O Nxe4 8.
Bxe4 Nf6 9. Bg5 cxd4 10. Qe2 Qb6 11. Bxf6 gxf6 12. Rfd1 Bg7 13. Nxd4 O-O 14. c3
f5 15. Bd3 Rd8 16. Bc4 Bxd4 17. cxd4 Rxd4 18. Rxd4 Qxd4 19. Rd1 Qf4 20. g3 Qc7
21. Qd2 f6 22. Bb5 Qe7 23. Qd8+ Kf7 24. Qh8 Kg6 25. Be8+ 1-0

[Event "32nd ECC Open 2016"]
[Site "Novi Sad SRB"]
[Date "2016.11.06"]
[Round "1.20"]
[Board "4"]
[White "Barrett, Stephen J"]
[Black "Brunner, Nicolas"]
[Result "0-1"]
[BlackTitle "IM"]
[WhiteElo "2181"]
[BlackElo "2469"]
[WhiteTeam "White Rose"]
[BlackTeam "Schachgesellschaft Riehen"]
[WhiteFideId "408727"]
[BlackFideId "620246"]
[EventDate "2016.11.06"]

1. d4 Nf6 2. c4 g6 3. Nc3 d5 4. Nf3 Bg7 5. Bg5 Ne4 6. Bh4 Nxc3 7. bxc3 dxc4 8.
Qa4+ Qd7 9. Qxc4 b6 10. e3 Ba6 11. Qb3 Bxf1 12. Kxf1 O-O 13. Ke2 Nc6 14. Rhd1
Na5 15. Qb4 e6 16. Kf1 Rfc8 17. c4 c5 18. dxc5 Qc6 19. Rac1 Qxc5 20. Qxc5 Rxc5
21. Nd2 h6 22. Nb3 Rxc4 23. Nxa5 Rxh4 24. Nc6 Rxh2 25. Kg1 Rh5 26. Rd7 Rc5 27.
Rxc5 bxc5 28. Rxa7 Rxa7 29. Nxa7 Kf8 30. Kf1 Ke7 31. Nc8+ Kd7 32. Nb6+ Kc6 33.
Nc4 Kd5 34. Nb6+ Kc6 35. Nc4 Kb5 36. Nd6+ Kb4 37. Ke2 f5 38. Kd3 e5 39. e4 c4+
40. Kc2 Kc5 41. Ne8 Bf8 42. Kc3 Be7 43. exf5 gxf5 44. Ng7 f4 45. Nf5 Bd8 46.
Nxh6 e4 47. Nf5 Ba5+ 48. Kc2 Be1 49. Ng7 Kd5 50. Nh5 Ke5 51. g3 f3 52. g4 Bxf2
53. g5 Kf5 54. Nf4 0-1

[Event "32nd ECC Open 2016"]
[Site "Novi Sad SRB"]
[Date "2016.11.06"]
[Round "1.20"]
[Board "5"]
[White "Buss, Ralph"]
[Black "O'driscoll, Kieran"]
[Result "1/2-1/2"]
[WhiteTitle "IM"]
[WhiteElo "2360"]
[BlackElo "2109"]
[WhiteTeam "Schachgesellschaft Riehen"]
[BlackTeam "White Rose"]
[WhiteFideId "1305697"]
[BlackFideId "2501899"]
[EventDate "2016.11.06"]

1. d4 d5 2. c4 c6 3. Nf3 Nf6 4. Nc3 dxc4 5. a4 Na6 6. e4 Bg4 7. Bxc4 e6 8. Be3
Be7 9. O-O Nb4 10. Rc1 O-O 11. h3 Bh5 12. g4 Bg6 13. Ne5 c5 14. dxc5 Qc7 15. Bf4
Qxc5 16. Qf3 Nc6 17. Nxg6 hxg6 18. Bb5 Nd4 19. Qe3 Nxb5 20. Qxc5 Bxc5 21. axb5
Bd4 22. Rfe1 Rac8 23. g5 Nh5 24. Be3 Bxe3 25. Rxe3 a6 26. bxa6 bxa6 27. Ra1 Rb8
28. Rxa6 Rxb2 29. Rf3 Rb7 30. Rc6 Ra8 31. Kg2 1/2-1/2

[Event "32nd ECC Open 2016"]
[Site "Novi Sad SRB"]
[Date "2016.11.06"]
[Round "1.20"]
[Board "6"]
[White "Sucikova, Svetlana"]
[Black "Schmidt-Schaeffer, Sebastian"]
[Result "0-1"]
[WhiteTitle "WFM"]
[WhiteElo "2076"]
[BlackElo "2386"]
[WhiteTeam "White Rose"]
[BlackTeam "Schachgesellschaft Riehen"]
[WhiteFideId "14923653"]
[BlackFideId "4610148"]
[EventDate "2016.11.06"]

1. c4 f5 2. g3 Nf6 3. Bg2 e6 4. Nf3 Be7 5. O-O O-O 6. d4 d5 7. Nc3 c6 8. Be3
Nbd7 9. b3 Bb4 10. Qc2 Qe7 11. Bf4 b6 12. a3 Bxa3 13. c5 bxc5 14. Rxa3 cxd4 15.
Nb1 c5 16. Nxd4 cxd4 17. Qc6 Nb6 18. Bd6 Qe8 19. Qc5 Rf7 20. Rc1 Bb7 21. Qxd4
Rc8 22. Nc3 Rc6 23. Bc5 Nfd7 24. b4 a6 25. Na4 Nxa4 26. Rxa4 Rc8 27. Raa1 Nf6
28. Bd6 Rd7 29. Bf4 h6 30. Bxh6 Rdc7 31. Rxc7 Rxc7 32. Bf4 Rc4 33. Qb6 Qc8 34.
Bf1 Kf7 35. Rb1 Nd7 36. Qe3 d4 37. Qd2 e5 38. Bg5 Qc6 39. f3 Rc3 40. Qb2 Kg6 41.
Bd8 Qc8 42. Be7 Kf7 43. Bg5 Bd5 44. Rc1 Rxc1 45. Bxc1 Nb6 46. Bg5 Qc3 47. Qxc3
dxc3 48. e4 fxe4 49. fxe4 Bxe4 50. Bxa6 Kg6 51. Bc1 Kf5 52. Kf2 g5 53. Be2 g4
54. Bb5 Ke6 55. Ke3 Bf5 56. Bd3 Nd5+ 57. Ke2 Nxb4 58. Bxf5+ Kxf5 59. Ba3 Nc2 60.
Bc5 Ke4 61. Kd1 Kd3 62. Bd6 e4 63. Bf4 e3 64. Bxe3 Nxe3+ 65. Kc1 c2 66. h4 gxh3 0-1

[Event "32nd ECC Open 2016"]
[Site "Novi Sad SRB"]
[Date "2016.11.06"]
[Round "1.21"]
[Board "1"]
[White "Napoli, Nicolo"]
[Black "Petenyi, Tamas"]
[Result "1/2-1/2"]
[WhiteTitle "FM"]
[BlackTitle "IM"]
[WhiteElo "2243"]
[BlackElo "2443"]
[WhiteTeam "DLF Steinitz Roma"]
[BlackTeam "SK Dunajska Streda"]
[WhiteFideId "813702"]
[BlackFideId "14909090"]
[EventDate "2016.11.06"]

1. d4 g6 2. c4 Bg7 3. Nc3 d6 4. Nf3 a6 5. g3 Nf6 6. Bg2 O-O 7. O-O Nc6 8. Bf4
Rb8 9. Rc1 Bd7 10. b3 Re8 11. Qd2 b5 12. Nd5 bxc4 13. Nxf6+ exf6 14. Rxc4 Ne7
15. d5 Bb5 16. Rc2 Nf5 17. Qd1 g5 18. Bc1 g4 19. Nh4 Nxh4 20. gxh4 Rc8 21. Re1
h6 22. Bf4 f5 23. Qc1 Kh7 24. h5 Re7 25. Qd2 Qe8 26. a4 Bd7 27. Rec1 Rb8 28. Qd3
Rb4 29. e3 Qb8 30. Rxc7 Rxb3 31. Qxa6 Bb5 32. Qxd6 Rxc7 33. Qxc7 Qxc7 34. Bxc7
Bxa4 35. Bf1 1/2-1/2

[Event "32nd ECC Open 2016"]
[Site "Novi Sad SRB"]
[Date "2016.11.06"]
[Round "1.21"]
[Board "2"]
[White "Bokros, Albert"]
[Black "Ramondino, Renzo"]
[Result "1-0"]
[WhiteTitle "IM"]
[BlackTitle "FM"]
[WhiteElo "2492"]
[BlackElo "2144"]
[WhiteTeam "SK Dunajska Streda"]
[BlackTeam "DLF Steinitz Roma"]
[WhiteFideId "710458"]
[BlackFideId "810304"]
[EventDate "2016.11.06"]

1. e4 c5 2. Nf3 Nc6 3. d4 cxd4 4. Nxd4 e6 5. Nc3 d6 6. g4 Nge7 7. Be3 a6 8. f4
h5 9. gxh5 Nxd4 10. Bxd4 Qa5 11. Be2 e5 12. Be3 exf4 13. Bxf4 Be6 14. Qd2 Rd8
15. a3 d5 16. Nxd5 Qxd2+ 17. Bxd2 Nxd5 18. exd5 Bxd5 19. Rg1 g6 20. Bc3 Rh7 21.
O-O-O Be4 22. Rde1 Bh6+ 23. Kb1 Kf8 24. hxg6 Bxg6 25. Bd3 Bg7 26. Bxg6 fxg6 27.
Bb4+ Kg8 28. Re7 Bd4 29. Rxg6+ Kh8 30. Rxh7+ Kxh7 31. Rd6 Rxd6 32. Bxd6 1-0

[Event "32nd ECC Open 2016"]
[Site "Novi Sad SRB"]
[Date "2016.11.06"]
[Round "1.21"]
[Board "3"]
[White "Ferretti, Folco"]
[Black "Bagi, Mate"]
[Result "0-1"]
[WhiteTitle "FM"]
[BlackTitle "IM"]
[WhiteElo "2232"]
[BlackElo "2449"]
[WhiteTeam "DLF Steinitz Roma"]
[BlackTeam "SK Dunajska Streda"]
[WhiteFideId "802328"]
[BlackFideId "742570"]
[EventDate "2016.11.06"]

1. Nf3 Nf6 2. c4 c5 3. Nc3 d5 4. cxd5 Nxd5 5. g3 Nc6 6. Bg2 Nc7 7. O-O e5 8. d3
Be7 9. Nd2 Bd7 10. Nc4 f6 11. f4 b5 12. Ne3 exf4 13. gxf4 Rb8 14. a4 b4 15. Ncd5
O-O 16. Nxc7 Qxc7 17. Nd5 Qd8 18. f5 Bd6 19. Bf4 Be8 20. e3 Bf7 21. Rc1 Rc8 22.
Qe2 Re8 23. Be4 c4 24. Qg2 cxd3 25. Bxd3 Bxf4 26. Nxf4 Ne5 27. Bb5 Rf8 28. Rcd1
Qb6 29. Rd4 a6 30. Be2 Rc2 31. Nd5 Bxd5 32. Qxd5+ Kh8 33. a5 Qc7 34. Rf2 Rxb2
35. Bh5 Rxf2 36. Kxf2 Qc2+ 37. Kg3 b3 38. Qd6 Rg8 39. Rd2 Qc8 40. Qd4 Qxf5 41.
Be2 Nc6 42. Qb2 Rb8 43. Bf3 Nxa5 44. Bd5 h6 45. Rd1 0-1

[Event "32nd ECC Open 2016"]
[Site "Novi Sad SRB"]
[Date "2016.11.06"]
[Round "1.21"]
[Board "4"]
[White "Varga, Zoltan"]
[Black "Chiaretti, Roberto"]
[Result "1-0"]
[WhiteTitle "GM"]
[WhiteElo "2418"]
[BlackElo "2279"]
[WhiteTeam "SK Dunajska Streda"]
[BlackTeam "DLF Steinitz Roma"]
[WhiteFideId "700509"]
[BlackFideId "805149"]
[EventDate "2016.11.06"]

1. e4 e5 2. Nf3 Nc6 3. Bc4 Nf6 4. Ng5 d5 5. exd5 Na5 6. Bb5+ c6 7. dxc6 bxc6 8.
Bd3 Nd5 9. Nf3 Nf4 10. O-O Bd6 11. Re1 Bg4 12. b4 Bxb4 13. Rxe5+ Kf8 14. Re4 Bd6
15. Ba3 Qf6 16. Ne5 Nxd3 17. Nxg4 Qxa1 18. Bxd6+ Kg8 19. Nh6+ 1-0

[Event "32nd ECC Open 2016"]
[Site "Novi Sad SRB"]
[Date "2016.11.06"]
[Round "1.21"]
[Board "5"]
[White "Marzano, Carlo"]
[Black "Meszaros, Michal"]
[Result "1/2-1/2"]
[BlackTitle "IM"]
[WhiteElo "2217"]
[BlackElo "2391"]
[WhiteTeam "DLF Steinitz Roma"]
[BlackTeam "SK Dunajska Streda"]
[WhiteFideId "802980"]
[BlackFideId "14905329"]
[EventDate "2016.11.06"]

1. d4 Nf6 2. Bg5 Ne4 3. Bf4 c5 4. f3 Qa5+ 5. c3 Nf6 6. d5 d6 7. e4 g6 8. Na3
Nbd7 9. Nc4 Qc7 10. a4 Bg7 11. Qd2 h6 12. g4 Kf8 13. h4 h5 14. g5 Ne8 15. Bg3
Ne5 16. f4 Nxc4 17. Bxc4 Bg4 18. Qe3 Qd7 19. Nf3 Nc7 20. O-O Kg8 21. Rf2 Re8 22.
Qd3 e6 23. dxe6 Bxe6 24. Bxe6 Qxe6 25. f5 Qxe4 26. Qxd6 Nd5 27. Re1 Ne3 28. f6
Bf8 29. Qf4 Re6 30. Qxe4 Rxe4 31. Rfe2 Rg4 32. Rxe3 Rxg3+ 33. Kf2 Rg4 34. Re8
Kh7 35. Rd1 c4 36. Rc8 b6 37. Rc7 Bc5+ 38. Kf1 Rf8 39. Rdd7 Kg8 40. Rxa7 Rf4 41.
Kg2 Rg4+ 42. Kf1 Rf4 43. Kg2 Rg4+ 44. Kf1 Rf4 1/2-1/2

[Event "32nd ECC Open 2016"]
[Site "Novi Sad SRB"]
[Date "2016.11.06"]
[Round "1.21"]
[Board "6"]
[White "Rachela, Jozef"]
[Black "Satta, Vladimiro"]
[Result "1-0"]
[WhiteElo "2006"]
[BlackElo "2197"]
[WhiteTeam "SK Dunajska Streda"]
[BlackTeam "DLF Steinitz Roma"]
[WhiteFideId "14904489"]
[BlackFideId "803006"]
[EventDate "2016.11.06"]

1. e4 c5 2. Nf3 e6 3. d4 cxd4 4. Nxd4 a6 5. c4 Nf6 6. Nc3 Qc7 7. Bd3 Nc6 8. Nxc6
dxc6 9. O-O e5 10. Qe2 Bc5 11. Kh1 O-O 12. Nd1 b5 13. Bg5 Nd7 14. Ne3 f6 15. Bh4
Nb6 16. Rac1 Qe7 17. Bg3 Rd8 18. cxb5 axb5 19. a3 Be6 20. Rfd1 Rac8 21. f4 exf4
22. Bxf4 Kh8 23. Qh5 Na4 24. e5 Rxd3 25. Rxd3 Nxb2 26. Rdc3 Na4 27. exf6 Qxf6
28. Be5 Qe7 29. Rxc5 Nxc5 30. Rxc5 Bf7 31. Bxg7+ Kg8 32. Qg5 Qe4 33. h3 Bg6 34.
Ng4 Qd3 35. Be5 Rd8 36. Qf6 Rd7 37. Nh6# 1-0

[Event "32nd ECC Open 2016"]
[Site "Novi Sad SRB"]
[Date "2016.11.06"]
[Round "1.22"]
[Board "1"]
[White "Ragger, Markus"]
[Black "Villegas, Pierre"]
[Result "1-0"]
[WhiteTitle "GM"]
[BlackTitle "FM"]
[WhiteElo "2694"]
[BlackElo "2344"]
[WhiteTeam "SC MPO Maria Saal"]
[BlackTeam "Cercle d'Echecs Monte-Carlo"]
[WhiteFideId "1610856"]
[BlackFideId "654183"]
[EventDate "2016.11.06"]

1. e4 c6 2. d4 d5 3. Nd2 dxe4 4. Nxe4 Bf5 5. Ng3 Bg6 6. h4 h6 7. Nf3 e6 8. Ne5
Bh7 9. Bd3 Bxd3 10. Qxd3 Nd7 11. f4 Be7 12. Nh5 Ngf6 13. Nxg7+ Kf8 14. Nxe6+
fxe6 15. Bd2 c5 16. O-O-O cxd4 17. g4 Nc5 18. Qg6 Qe8 19. g5 Nfd7 20. Rhf1 Qxg6
21. Nxg6+ Kf7 22. Nxh8+ Rxh8 23. Be1 e5 24. fxe5+ Ke6 25. gxh6 Rxh6 26. Rxd4
Nxe5 27. Bg3 Ncd7 28. Re1 Bd6 29. Rg4 Be7 30. Rg8 Rh5 31. Ra8 Bxh4 32. Bxh4 Rxh4
33. Rxa7 Rb4 34. Rd1 Nc6 35. Ra8 Rd4 36. Rh1 Kd6 37. Rc8 Kc5 38. Rh3 Kb6 39.
Rb3+ Ka7 40. Rc7 Nb6 41. Rh7 Rd7 42. Rh8 Rd8 43. Rh6 Rg8 44. Rh1 Rd8 45. Rg3 Rd7
46. b3 Na8 47. Kb2 Nc7 48. a4 Re7 49. Rh2 b6 50. Rg6 Ne5 51. Rd6 Kb7 52. Rhh6
Na8 53. Ka3 Rc7 54. Rde6 Nf7 55. Rhf6 Nd8 56. Re8 Rd7 57. Rff8 Kc8 58. Re6 Kb7
59. Rh6 Nc7 60. Rff6 Na8 61. c4 Rc7 62. Rf8 Rd7 63. Rhh8 Kc8 64. Kb4 Nc7 65. Rf6
Kb7 66. Rhh6 Na8 67. a5 bxa5+ 68. Kxa5 Rc7 69. Kb5 Re7 70. Ka4 Rd7 71. Rh8 Nc6
72. c5 Re7 73. Rxa8 Re4+ 74. Ka3 1-0

[Event "32nd ECC Open 2016"]
[Site "Novi Sad SRB"]
[Date "2016.11.06"]
[Round "1.22"]
[Board "2"]
[White "Ribbegren, Karl Johan"]
[Black "Naumann, Alexander"]
[Result "0-1"]
[BlackTitle "GM"]
[WhiteElo "2248"]
[BlackElo "2561"]
[WhiteTeam "Cercle d'Echecs Monte-Carlo"]
[BlackTeam "SC MPO Maria Saal"]
[WhiteFideId "5400040"]
[BlackFideId "4623169"]
[EventDate "2016.11.06"]

1. Nf3 Nf6 2. c4 g6 3. b4 Bg7 4. Bb2 O-O 5. g3 d6 6. Bg2 e5 7. O-O Re8 8. e3 e4
9. Ne1 Nc6 10. Qb3 Be6 11. Na3 b5 12. Nxb5 Rb8 13. d4 Rxb5 14. Nc2 Nxb4 15. Rab1
Rb6 16. Nxb4 a5 0-1

[Event "32nd ECC Open 2016"]
[Site "Novi Sad SRB"]
[Date "2016.11.06"]
[Round "1.22"]
[Board "3"]
[White "Kreisl, Robert"]
[Black "Efimov, Igor"]
[Result "0-1"]
[WhiteTitle "IM"]
[BlackTitle "GM"]
[WhiteElo "2448"]
[BlackElo "2395"]
[WhiteTeam "SC MPO Maria Saal"]
[BlackTeam "Cercle d'Echecs Monte-Carlo"]
[WhiteFideId "1613880"]
[BlackFideId "806404"]
[EventDate "2016.11.06"]

1. d4 Nf6 2. Nf3 d5 3. c4 e6 4. g3 Nc6 5. Bg2 dxc4 6. Qa4 Bb4+ 7. Bd2 Nd5 8. Qb5
Bxd2+ 9. Nbxd2 c3 10. bxc3 Nxc3 11. Qd3 Nd5 12. O-O O-O 13. Rfc1 Nb6 14. Ne4 Qe7
15. Qc2 Rd8 16. e3 e5 17. dxe5 Nxe5 18. Nd4 c6 19. Rab1 Nd5 20. h3 h6 21. Rb3 a5
22. Nc5 Ra7 23. Kh2 g6 24. f4 a4 25. Ra3 Nd7 26. Bxd5 cxd5 27. Nce6 Qxa3 28.
Nxd8 Ra8 29. N8e6 Qxe3 30. Nc7 Rb8 31. Nxd5 Qxd4 32. Ne7+ Kg7 33. Nxc8 Nf6 34.
Qc7 Qf2+ 35. Kh1 Rxc8 36. Qxc8 Ne4 0-1

[Event "32nd ECC Open 2016"]
[Site "Novi Sad SRB"]
[Date "2016.11.06"]
[Round "1.22"]
[Board "4"]
[White "Van Hoolandt, Patrick"]
[Black "Halvax, Georg"]
[Result "0-1"]
[WhiteTitle "FM"]
[BlackTitle "FM"]
[WhiteElo "2156"]
[BlackElo "2373"]
[WhiteTeam "Cercle d'Echecs Monte-Carlo"]
[BlackTeam "SC MPO Maria Saal"]
[WhiteFideId "200999"]
[BlackFideId "1619543"]
[EventDate "2016.11.06"]

1. d4 Nf6 2. c4 e5 3. dxe5 Ng4 4. Bf4 g5 5. Bg3 Bg7 6. Nf3 Nc6 7. Nc3 Ngxe5 8.
Nxe5 Nxe5 9. e3 d6 10. h4 g4 11. Qc2 Be6 12. Rd1 Qe7 13. Nd5 Qd7 14. h5 h6 15.
Be2 O-O 16. Kf1 Rae8 17. b3 Bf5 18. Qd2 Be4 19. Rh4 f5 20. c5 Qc6 21. cxd6 cxd6
22. Nf4 Rd8 23. Rh2 d5 24. Rc1 Qd7 25. Ng6 Nxg6 26. hxg6 Rc8 27. f3 Rxc1+ 28.
Qxc1 Rc8 29. Qd1 Bb2 30. Rxh6 Qg7 31. Bf4 gxf3 32. gxf3 Rc1 33. Qxc1 Bxc1 34.
fxe4 Qc3 35. Kf2 fxe4 36. Rh5 Qf6 37. Rxd5 Qh4+ 38. Kg2 Bb2 39. Bg3 Qf6 40. Rd6
Qf5 41. Bf4 Be5 42. Bc4+ Kg7 43. Bxe5+ Qxe5 44. Rd7+ Kxg6 45. Rxb7 Qc3 46. Kf2
Qf6+ 47. Ke1 Qa1+ 48. Kf2 Qxa2+ 49. Be2 a5 50. Rb5 Kf6 51. Ke1 Qa1+ 52. Kf2 Qc3
53. Bf1 Ke7 54. Be2 Kd6 55. Rb6+ Kc7 56. Rb5 Kc6 57. Bf1 Qf6+ 0-1

[Event "32nd ECC Open 2016"]
[Site "Novi Sad SRB"]
[Date "2016.11.06"]
[Round "1.22"]
[Board "5"]
[White "Ertl, Johann"]
[Black "Nelis, Jean-Francois"]
[Result "1-0"]
[WhiteTitle "FM"]
[WhiteElo "2306"]
[BlackElo "2158"]
[WhiteTeam "SC MPO Maria Saal"]
[BlackTeam "Cercle d'Echecs Monte-Carlo"]
[WhiteFideId "1613626"]
[BlackFideId "623830"]
[EventDate "2016.11.06"]

1. e4 g6 2. d4 Bg7 3. Nc3 c6 4. Be3 d5 5. e5 Nh6 6. Qd2 Nf5 7. O-O-O Nxe3 8.
Qxe3 Qa5 9. Kb1 O-O 10. h4 c5 11. Nf3 cxd4 12. Nxd4 Nc6 13. f4 Bg4 14. Be2 Bxe2
15. Ndxe2 e6 16. h5 Rac8 17. hxg6 hxg6 18. g4 Rfe8 19. Rh4 g5 20. Rh5 gxf4 21.
Qxf4 Ne7 22. Rf1 Rf8 23. Rfh1 Ng6 24. Qh2 1-0

[Event "32nd ECC Open 2016"]
[Site "Novi Sad SRB"]
[Date "2016.11.06"]
[Round "1.22"]
[Board "6"]
[White "Rapaire, Jean-michel"]
[Black "Rieger, Robert"]
[Result "0-1"]
[BlackTitle "FM"]
[WhiteElo "1779"]
[BlackElo "2287"]
[WhiteTeam "Cercle d'Echecs Monte-Carlo"]
[BlackTeam "SC MPO Maria Saal"]
[WhiteFideId "5400023"]
[BlackFideId "1625527"]
[EventDate "2016.11.06"]

1. e4 c5 2. Nf3 Nc6 3. Bb5 d6 4. Bxc6+ bxc6 5. c4 Bg4 6. Nc3 Nf6 7. h3 Bh5 8. b3
e5 9. d3 Be7 10. Bd2 O-O 11. Rb1 Ne8 12. g4 Bg6 13. Ne2 f6 14. Nh4 d5 15. Nf5
Nd6 16. Neg3 Re8 17. Nxe7+ Rxe7 18. f3 Rd7 19. Qe2 Ne8 20. Qf2 dxe4 21. dxe4 Rd3
22. Rb2 a5 23. Qxc5 Rxf3 24. Nf5 Bxf5 25. exf5 Qd3 26. Qxc6 Rd8 27. a3 e4 28.
Rg1 Qd4 0-1

[Event "32nd ECC Open 2016"]
[Site "Novi Sad SRB"]
[Date "2016.11.06"]
[Round "1.23"]
[Board "1"]
[White "Sreeves, Clement"]
[Black "Sprenger, Jan Michael"]
[Result "0-1"]
[WhiteTitle "FM"]
[BlackTitle "IM"]
[WhiteElo "2356"]
[BlackElo "2512"]
[WhiteTeam "Edinburgh Chess Club"]
[BlackTeam "LSG IntelliMagic"]
[WhiteFideId "2402564"]
[BlackFideId "4646258"]
[EventDate "2016.11.06"]

1. c4 f5 2. g3 Nf6 3. Bg2 g6 4. Nc3 Bg7 5. d3 O-O 6. e4 fxe4 7. dxe4 d6 8. Nge2
c6 9. O-O Ng4 10. h3 Ne5 11. b3 Nf3+ 12. Kh1 Qa5 13. Bd2 Qh5 14. Nf4 Rxf4 15.
Bxf4 Bg4 16. Rc1 e5 17. Bg5 Qxg5 18. Bxf3 Bxh3 19. Bg2 Bg4 20. Qxd6 Na6 21. Qd3
Bh6 22. Kg1 Rd8 23. Qb1 Nb4 24. Rcd1 Bxd1 25. Rxd1 Rd2 26. Qc1 Rc2 27. Qxg5 Bxg5
28. Na4 b5 29. Nc5 bxc4 30. Ne6 Bd2 31. bxc4 Nxa2 32. f4 Kf7 33. Ng5+ Ke7 34.
Nf3 Be3+ 35. Kh1 exf4 36. gxf4 Bxf4 37. Bh3 Rf2 38. Bg2 0-1

[Event "32nd ECC Open 2016"]
[Site "Novi Sad SRB"]
[Date "2016.11.06"]
[Round "1.23"]
[Board "2"]
[White "Pijpers, Arthur"]
[Black "Berry, Neil"]
[Result "0-1"]
[WhiteTitle "IM"]
[BlackTitle "FM"]
[WhiteElo "2465"]
[BlackElo "2299"]
[WhiteTeam "LSG IntelliMagic"]
[BlackTeam "Edinburgh Chess Club"]
[WhiteFideId "1019554"]
[BlackFideId "2400650"]
[EventDate "2016.11.06"]

1. e4 e5 2. Nf3 Nc6 3. Bb5 a6 4. Ba4 Nf6 5. O-O Be7 6. Re1 b5 7. Bb3 d6 8. c3
O-O 9. h3 Nb8 10. d4 Nbd7 11. c4 c6 12. a3 bxc4 13. Bxc4 Nxe4 14. dxe5 d5 15.
Ba2 Ndc5 16. Qc2 Bd7 17. Nc3 Rb8 18. Be3 Nxc3 19. bxc3 g6 20. Nd4 Ne6 21. Nxe6
fxe6 22. Bb1 c5 23. Qe2 Qa5 24. Bd2 Rb2 25. Ra2 Rfb8 26. Rxb2 Rxb2 27. Qg4 Rxd2
28. Bxg6 Qa4 29. Be4+ Kh8 30. Qf4 Rd1 31. Rxd1 Qxd1+ 32. Kh2 Qh5 33. Bc2 Qg5 34.
Qf7 Qxe5+ 35. f4 Qg7 36. Qh5 Kg8 0-1

[Event "32nd ECC Open 2016"]
[Site "Novi Sad SRB"]
[Date "2016.11.06"]
[Round "1.23"]
[Board "3"]
[White "Mcgowan, Daniel"]
[Black "Van Haastert, Edwin"]
[Result "0-1"]
[BlackTitle "IM"]
[WhiteElo "2156"]
[BlackElo "2448"]
[WhiteTeam "Edinburgh Chess Club"]
[BlackTeam "LSG IntelliMagic"]
[WhiteFideId "2401479"]
[BlackFideId "1003992"]
[EventDate "2016.11.06"]

1. e4 c5 2. Nf3 d6 3. c3 Nf6 4. h3 Nc6 5. Bd3 d5 6. e5 Nd7 7. Bb5 e6 8. O-O Qb6
9. Bxc6 Qxc6 10. d4 h6 11. Re1 Be7 12. Nbd2 b6 13. Nf1 a5 14. Bf4 Ba6 15. a3 Qb5
16. Qd2 Qd3 17. Rec1 O-O 18. Qxd3 Bxd3 19. N1d2 c4 20. Ne1 Bg6 21. Kf1 b5 22. b4
Nb6 23. Ndf3 Ra6 24. bxa5 Rxa5 25. Ra2 Rxa3 26. Rxa3 Bxa3 27. Ra1 Ra8 28. Ke2
Ra4 29. Kd2 Bb2 0-1

[Event "32nd ECC Open 2016"]
[Site "Novi Sad SRB"]
[Date "2016.11.06"]
[Round "1.23"]
[Board "4"]
[White "Bosman, Michiel"]
[Black "Kafka, Graeme"]
[Result "1-0"]
[WhiteTitle "FM"]
[WhiteElo "2353"]
[BlackElo "2061"]
[WhiteTeam "LSG IntelliMagic"]
[BlackTeam "Edinburgh Chess Club"]
[WhiteFideId "1000721"]
[BlackFideId "2401487"]
[EventDate "2016.11.06"]

1. d4 d5 2. c4 c6 3. Nc3 Nf6 4. e3 e6 5. b3 Nbd7 6. Bb2 b6 7. Bd3 Bb7 8. Nge2
Bd6 9. O-O O-O 10. Ng3 Re8 11. Rc1 Rc8 12. cxd5 cxd5 13. Qe2 a6 14. a4 Nb8 15.
f4 Qe7 16. Nh1 Rc7 17. Nf2 Rec8 18. Nb1 Rxc1 19. Bxc1 a5 20. Bd2 Nc6 21. Nc3 Nb4
22. Bb1 Ba6 23. Nb5 Qd7 24. g4 Ne8 25. g5 Bxb5 26. axb5 f5 27. gxf6 Nxf6 28. Kh1
Qe8 29. Rg1 Qh5 30. Ng4 Nxg4 31. Rxg4 Kh8 32. Kg2 Rf8 33. Qf3 Rf6 34. h3 h6 35.
Qd1 Qf7 36. Bxb4 axb4 37. Qc2 g5 38. Qc8+ Kg7 39. h4 Qh5 40. Kh3 Be7 41. Kg3 Kf7
42. Qh8 Bf8 43. hxg5 Bg7 44. g6+ Rxg6 45. Bxg6+ Qxg6 46. Rxg6 Bxh8 47. Rxh6 1-0

[Event "32nd ECC Open 2016"]
[Site "Novi Sad SRB"]
[Date "2016.11.06"]
[Round "1.23"]
[Board "5"]
[White "White, Alastair F"]
[Black "Van der Werf, Mark"]
[Result "0-1"]
[BlackTitle "IM"]
[WhiteElo "2078"]
[BlackElo "2412"]
[WhiteTeam "Edinburgh Chess Club"]
[BlackTeam "LSG IntelliMagic"]
[WhiteFideId "2402041"]
[BlackFideId "1000470"]
[EventDate "2016.11.06"]

1. e4 c5 2. Nf3 d6 3. Bb5+ Bd7 4. Bxd7+ Qxd7 5. c4 Nc6 6. O-O g6 7. d4 cxd4 8.
Nxd4 Bg7 9. Be3 Nf6 10. f3 O-O 11. Nc3 e6 12. Rc1 Rfd8 13. Qd2 Ne5 14. b3 d5 15.
cxd5 exd5 16. exd5 Nxd5 17. Nxd5 Qxd5 18. Rfd1 Rd7 19. Ne2 Qe6 20. Nd4 Qa6 21.
Qc2 Re8 22. Kf2 Qf6 23. h3 Rde7 24. Nb5 Nxf3 25. Rd6 Qe5 26. Bxa7 Qxb5 27. Kxf3
Qh5+ 28. Kf4 Be5+ 0-1